00938nam a2200265 u 45000010006000000050017000060080041000230350010000640400013000740410008000870820008000951000048001032450092001512600043002433000018002866500018003046500049003227000045003717000046004169420010004629990017004725020012004895260008005019520163005095400020260504071837.0960313s1988 ||||||m| spa  a54000 ccomduadb aspa 4a36210aPerez Lince, Nubia Estela4auteaut948002010aLa formacion integral del invidente como premisa fundamental para su integracion social aMedellín :b[sin publicador],c1988. a133 páginas aCiegos916430 aDiscapacitados - Condiciones sociales94395610aParra Agudelo, Socorro4auteaut925928810aAngel Bernal, Dora Ines4auteaut9469160 cTESIS c28803d28803 b153c15 a155 001040708TESISBCaBCbBCd1998-05-15eMaterial adquirido por donacióniC88814l0o362.41 P438fp61000002648042r2023-04-20 00:00:00t1w2023-04-20yTESIS